000 00853nam a2200277 a 4500
001 37007
003 BD-RjUL
005 20211209052552.0
008 141001s1976 enka b 001 0 eng
020 _a0521210542 :
035 _a(BD-RjUL)37109
040 _aDLC
_cDLC
_dDLC
_dBD-RjUL
_beng
041 _aeng
082 0 0 _a631.4913
_bYOT 1976
100 1 _aYoung, Anthony.
_9113095
245 1 0 _aTropical soils and soil survey /
_cAnthony Young.
260 _aCambridge ;
_aNew York :
_bCambridge University Press,
_c1976.
300 _aviii, 468 p. :
_bill. ;
_c24 cm.
504 _aIncludes bibliography: p. 436-457 and index.
650 0 _aSoils
_zTropics.
_946153
650 0 _aSoil surveys
_zTropics.
_9113097
942 _2ddc
_cBK
999 _c37007
_d37007